ARRUPE JESUIT UNIVERSITY

CORONAVIRUS -STOP THE SPREAD - CLEAN,DISINFECT,COVER
Normal view MARC view

Entry Personal Name

Number of records used in: 2

001 - CONTROL NUMBER

  • control field: 4149

003 - CONTROL NUMBER IDENTIFIER

  • control field: ARRUPE

005 - DATE AND TIME OF LATEST TRANSACTION

  • control field: 20131127122336.0

008 - FIXED-LENGTH DATA ELEMENTS

  • fixed length control field: 131127|| aca||aabn | a|a d

040 ## - CATALOGING SOURCE

  • Original cataloging agency: ARRUPE
  • Transcribing agency: ARRUPE

100 ## - HEADING--PERSONAL NAME

  • Personal name: Roosevelt, Franklin D.
  • Fuller form of name: (Franklin Delano),
  • Dates associated with a name: 1882-1945.

670 ## - SOURCE DATA FOUND

  • Source citation: Work cat.: (ARRUPE)0: Morgan, Ted, 1932- 4148, FDR :, c1985.

 

Arrupe Library. PO Box MP320 Mt Pleasant, Harare, Zimbabwe
263 242 745411|librarian@aju.ac.zw